00849nam a22002417a 450000500170000001000110001702000100002803500110003803700160004904000120006508200180007710000270009524500540012226000450017627000550022130000260027650000510030265000300035365000340038394200270041799900190044495201440046320170124110012.0 a975336 c00.00 a975336 bCen Lib/Ret aDPLbEN a332.4954bGUP aGupta, Suraj B.917979 aMonetary planning for india /cby Suraj B. Gupta  aNew DelhibOxford University Pressc1979 a2/11, ansari road, dariya ganj bNew Delhie110002 aviii, 240p.c21cm(Hb) aIncludes bibliographical references and index  aMonetary planning 917980 aMoney supply analysis 917981 2ddccENh332.4954mGUP c126611d126611 04104070aLbLd2015-06-26eCen Lib/Retg0.00l0o332.4954 GUPp975336r2015-06-26 00:00:00t1v0.00w2015-06-26yENzW/d list no. 6819/7